[Event "Volyne op-A"]
[Site "Volyne"]
[Date "2003.??.??"]
[Round "?"]
[White "Blasko, Stepan"]
[Black "Kellner, Petr"]
[Result "1-0"]
[WhiteElo "1925"]
[BlackElo "1870"]
[PlyCount "69"]
[EventDate "2003.??.??"]
[EventType "swiss"]
[EventRounds "9"]
[EventCountry "CZE"]
[SourceTitle "EXT 2005"]
[Source "ChessBase"]
[SourceDate "2004.11.15"]
[SourceVersion "1"]
[SourceVersionDate "2004.11.15"]
[SourceQuality "1"]

1. d4 Nf6 2. c4 e6 3. Nf3 Bb4+ 4. Bd2 Bxd2+ 5. Nbxd2 b6 6. g3 Bb7 7. Bg2 c5 8. 0-0 0-0 9. Rc1 cxd4 10. Nxd4 Bxg2 11. Kxg2 d5 12. e3 dxc4 13. Rxc4 Qd5+ 14. Qf3 Na6 15. Qxd5 Nxd5 16. Ne4 Nab4 17. a3 Nd3 18. b3 Rac8 19. Nd6 Rxc4 20. Nxc4 Nc3 21. f4 b5 22. Nd6 a6 23. Nc6 Ra8 24. Kf3 a5 25. Nb7 a4 26. b4 f5 27. Nd4 Rb8 28. Nd6 h6 29. e4 fxe4+ 30. Nxe4 e5 31. Nc6 Nxe4 32. Kxe4 Rb6 33. Ne7+ Kf7 34. Nd5 Rd6 35. fxe5+ 1-0

[Event "Volyne op-A"]
[Site "Volyne"]
[Date "2003.??.??"]
[Round "?"]
[White "Blasko, Stepan"]
[Black "Novacek, Karel"]
[Result "0-1"]
[WhiteElo "1925"]
[BlackElo "2115"]
[PlyCount "84"]
[EventDate "2003.??.??"]
[EventType "swiss"]
[EventRounds "9"]
[EventCountry "CZE"]
[SourceTitle "EXT 2005"]
[Source "ChessBase"]
[SourceDate "2004.11.15"]
[SourceVersion "1"]
[SourceVersionDate "2004.11.15"]
[SourceQuality "1"]

1. d4 d5 2. c4 Nc6 3. Nc3 Nf6 4. cxd5 Nxd5 5. e4 Nxc3 6. bxc3 e5 7. Bb5 exd4 8. Bxc6+ bxc6 9. Qxd4 Ba6 10. Bf4 Qxd4 11. cxd4 0-0-0 12. 0-0-0 Ba3+ 13. Kc2 Rhe8 14. f3 f5 15. Kb3 Be7 16. Nh3 h6 17. Rhe1 c5 18. Be5 fxe4 19. Bxg7 Rg8 20. Bxh6 c4+ 21. Kc3 Rxg2 22. Rd2 Rg6 23. Bf4 Rb6 24. Rb2 c5 25. Rxb6 cxd4+ 26. Kc2 axb6 27. Rxe4 d3+ 28. Kd1 Ba3 29. Nf2 Bb5 30. Bd2 Rg8 31. Rg4 Rf8 32. Rf4 Rxf4 33. Bxf4 c3 34. Bc1 c2+ 35. Kd2 Bb4+ 36. Ke3 Bc5+ 37. Kd2 Bxf2 38. a4 Ba6 39. Bb2 Bg1 40. Bc1 Bxh2 41. Ke3 Kd7 42. Ke4 Ke7 0-1

[Event "Volyne op-A"]
[Site "Volyne"]
[Date "2003.??.??"]
[Round "?"]
[White "Havlik, Jan Sr"]
[Black "Blasko, Stepan"]
[Result "0-1"]
[WhiteElo "1855"]
[BlackElo "1925"]
[PlyCount "90"]
[EventDate "2003.??.??"]
[EventType "swiss"]
[EventRounds "9"]
[EventCountry "CZE"]
[SourceTitle "EXT 2005"]
[Source "ChessBase"]
[SourceDate "2004.11.15"]
[SourceVersion "1"]
[SourceVersionDate "2004.11.15"]
[SourceQuality "1"]

1. e4 c6 2. d4 d5 3. exd5 cxd5 4. Bd3 Nf6 5. c3 Nc6 6. Bf4 e6 7. Nf3 Bd6 8. Bxd6 Qxd6 9. Qe2 Bd7 10. Nbd2 Rc8 11. 0-0 0-0 12. Ne5 b6 13. f4 Ne7 14. g4 Ne8 15. Rae1 Nc7 16. f5 Nc6 17. f6 Nxe5 18. Qxe5 Qxe5 19. Rxe5 gxf6 20. Rxf6 Kg7 21. Rf2 f6 22. Re3 Rg8 23. h3 Rcf8 24. Kh2 Kf7 25. Nf3 Ke7 26. Nh4 Be8 27. Rfe2 Kd6 28. Nf3 h5 29. gxh5 Bxh5 30. Rg2 Rxg2+ 31. Kxg2 f5 32. Ne5 f4 33. Re1 Rg8+ 34. Kh2 Ne8 35. Rf1 Rf8 36. Ng4 Nf6 37. Ne5 Ne4 38. Nf3 a6 39. a4 Rf6 40. Bc2 Bxf3 41. Rxf3 Ng5 42. Rf2 e5 43. dxe5+ Kxe5 44. Bd3 Ne4 45. Rf3 Rh6 0-1